ბათუმის შოთა რუსთაველის სახელმწიფო უნივერსიტეტის ბიბლიოთეკა

ლექსები (ბიბ.ჩანაწერი № 48547)

000 -LEADER
fixed length control field 00388nam a2200145Ia 4500
001 - CONTROL NUMBER
control field 15444
003 - CONTROL NUMBER IDENTIFIER
control field GE_BSU
008 - FIXED-LENGTH DATA ELEMENTS--GENERAL INFORMATION
fixed length control field 181216s||||||||xx |||||||||||||| ||und||
040 ## - CATALOGING SOURCE
Transcribing agency GE_BSU
100 ## - MAIN ENTRY--PERSONAL NAME
Personal name ჩიქოვანი,სიმონ
245 ## - TITLE STATEMENT
Title ლექსები
245 ## - TITLE STATEMENT
Statement of responsibility, etc. რედ.რაჟდენ გვეტაძე.
653 ## - INDEX TERM--UNCONTROLLED
Uncontrolled term ლექსები
942 ## - ADDED ENTRY ELEMENTS (KOHA)
Koha item type წიგნი

არაა ხელმისაწვდომი ეგზემპლარები.